000 02452nam a2200253Ia 4500
999 _c52605
_d52605
001 19629
003 GE_BSU
005 20210330131532.0
008 181216s2016||||ge |||||||||||||| ||geo||
040 _cGE_BSU
041 _ageo
080 _a61 ბ-29
100 _aბასილაძე, თამარ
_910841
245 _aაზოტის ოქსიდითა და კალციტონინის გენთან დაკავშირებული პეპტიდით გამოწვეული მიკროცირკულაციის ცვლილებების ფარმაკოლოგიური მოდულაციის მექანიზმები კაპსაიცინით ინდუცირებული ნეიროგენური ანთების დროს:
_b(ექსპერიმენტალური კვლევა ვირთაგვებზე) /
_cთამარ ბასილაძე; სამეცნიერო ხელმძღვანელი ნიკოლოზ გონგაძე, გურამ ბექაია; თბილისის სახელმწიფო უნივერსიტეტი.
264 _aთბილისი,
_c2016
300 _a131გვ.;
_bცხრ.დიაგრამები,
_c30 სმ.
653 _aდისერტაცია
653 _aმედიცინა
653 _aაზოტის ოქსიდითა და კალციტონინის გენთან დაკავშირებული პეპტიდით გამოწვეული მიკროცირკულაციის ცვლილებების ფარმაკოლოგიური მოდულაციის მექანიზმები კაპსაიცინით ინდუცირებული ნეიროგენური ანთების დროს
700 _aგონგაძე, ნიკოლოზ
_eსამეცნიერო ხელმძღვანელი
_93187
700 _aბექაია, გურამ
_eსამეცნიერო ხელმძღვანელი
_91690
710 _aთბილისის სახელმწიფო სამედიცინო უნივერსიტეტი
_99697
942 _cBK
_2udc